<?xml version="1.0" encoding="UTF-8"?>
<marc:record xmlns:marc="http://www.loc.gov/MARC21/slim">
   <marc:leader>00000nam a2200000 a 4500</marc:leader>
   <marc:datafield ind1="1" ind2=" " tag="100">
      <marc:subfield code="a">Sanders, Christopher</marc:subfield>
      <marc:subfield code="4">aut</marc:subfield>
      <marc:subfield code="e">Verfasser/-in</marc:subfield>
   </marc:datafield>
   <marc:datafield ind1="0" ind2="0" tag="245">
      <marc:subfield code="a">Die Croods</marc:subfield>
   </marc:datafield>
   <marc:datafield ind1="0" ind2="0" tag="245">
      <marc:subfield code="b">Die Reise beginnt</marc:subfield>
   </marc:datafield>
   <marc:datafield ind1="0" ind2="0" tag="245">
      <marc:subfield code="c">Christopher Sanders</marc:subfield>
   </marc:datafield>
   <marc:datafield ind1=" " ind2="1" tag="264">
      <marc:subfield code="a">Hamburg</marc:subfield>
      <marc:subfield code="b">Optimal Media</marc:subfield>
      <marc:subfield code="c">2013</marc:subfield>
   </marc:datafield>
   <marc:datafield ind1="1" ind2=" " tag="520">
      <marc:subfield code="a">Niemals die Höhle verlassen: Das ist die wichtigste Regel bei der Steinzeitfamilie Crood. Doch als ihr Zuhause eines Tages durch einen Steinrutsch zerstört wird, bleibt dem Clan nichts anderes übrig, als sich doch nach draußen zu wagen. Ihre Suche nach einem neuen Heim führt sie in eine abenteuerliche Welt voller außergewöhnlicher Pflanzen und faszinierender Tiere. Auf ihrer Reise begegnen Stammes-Oberhaupt Grug und seine Familie schließlich auch einem anderen Menschen, dem jungen Nomaden Guy, der sich prompt in Grugs Tochter Eep verliebt ...</marc:subfield>
   </marc:datafield>
   <marc:datafield ind1=" " ind2=" " tag="020">
      <marc:subfield code="a">4029759084709</marc:subfield>
      <marc:subfield code="9">4029759084709</marc:subfield>
   </marc:datafield>
   <marc:datafield ind1="0" ind2=" " tag="490">
      <marc:subfield code="v">0</marc:subfield>
   </marc:datafield>
   <marc:datafield ind1=" " ind2=" " tag="300">
      <marc:subfield code="a">ca. 53 Min.</marc:subfield>
   </marc:datafield>
</marc:record>
